| 000 | 00365nam a2200109Ia 4500 | ||
|---|---|---|---|
| 008 | 220204s9999 xx 000 0 und d | ||
| 082 |
_a632.915:631.563(047) _bIND |
||
| 245 | 0 | _aReport of the directorate of plant directorate of plant protection quarantine and storage | |
| 260 |
_aNew Delhi _bPlant protection _c1963 |
||
| 650 | _aPlant quarantine report | ||
| 942 | _cBK | ||
| 999 |
_c22236 _d22236 |
||